00760cam a22002291 45000010005000000030008000050050017000130080039000300350018000690350018000870400041001050410008001460820021001542450127001752600043003023000025003455040020003705050051003906510046004417000022004877000021005092654BD-RjUL20211208233609.0131211s1967 enka b 001 0 eng a(BD-RjUL)2681 a(OCoLC)228844 aDLCcODaWUdOCoLCdDLCdBD-RjULbeng aeng a330.96bREA 196710aReadings in the applied economics of Africa /cedited by Edith H. Whetham and Jean I. Currie.nVolume I .pMicro-economics aCambridge :bCambridge U. P. ,cc1967. aix, 216 p. ;c21 cm. aIncludes index.0 av. 1. Micro-economics.--v. 2. Macro-economics. 0aAfrica, Sub-SaharanxEconomic conditions.1 aWhetham, Edith H.1 aCurrie, Jean I.,